000 00224nam a2200097Ia 4500
008 190216s9999||||xx |||||||||||||| ||und||
100 _aThakazhi Sivasankara Pillai
245 0 _aAnchu Pennungal
260 _bNull
942 _cBK
999 _c23682
_d23682